El vendedor de muñecas /
Nemesio García Naranjo (1883-1963), abogado y periodista mexicano. Colaboró en diversas publicaciones a partir de 1900. Dirigió el periódico La Tribuna, incendiado durante la Decena Trágica. En 1914 fundó la Revista Mexicana en San Antonio, Texas. Diputado electo en 1909, ministro en el gobierno de...
Guardado en:
| Autor principal: | |
|---|---|
| Formato: | Libro |
| Idioma: | Español |
| Colección: | (Teatro Mexicano Contemporáneo ;
24) |
| Temas: | |
| Etiquetas: |
Sin etiquetas, Sé el primero en etiquetar este registro!
|
MARC
| LEADER | 00000nam^a2200000^a^4500 | ||
|---|---|---|---|
| 001 | 000128647 | ||
| 005 | 20250521000000.0 | ||
| 009 | 20260310094844.804 | ||
| 037 | |a Acervo ITESO - Biblioteca | ||
| 041 | |a ESP | ||
| 082 | |a 862. |b GAR | ||
| 100 | |a García Naranjo, Nemesio |e (autor) | ||
| 245 | 1 | 3 | |a El vendedor de muñecas / |c N. García Naranjo. |
| 264 | |a México : |b Sociedad General de Autores de México, |c fecha no identificada | ||
| 300 | |a 71 p. | ||
| 336 | |a texto |b txt |2 rdacontenido | ||
| 337 | |a sin mediación |b n |2 rdamedio | ||
| 338 | |a volumen |b nc |2 rdasoporte | ||
| 440 | 1 | |a (Teatro Mexicano Contemporáneo ; |v 24) | |
| 520 | |a Nemesio García Naranjo (1883-1963), abogado y periodista mexicano. Colaboró en diversas publicaciones a partir de 1900. Dirigió el periódico La Tribuna, incendiado durante la Decena Trágica. En 1914 fundó la Revista Mexicana en San Antonio, Texas. Diputado electo en 1909, ministro en el gobierno de Victoriano Huerta. Desterrado por los constitucionalitas en 1914. Obras: en narrativa: La histórica Sor Juana Inés de la Cruz (1907), Discursos (1923), El quinto evangelio (1928); biografías: Porfirio Díaz (1930), Simón Bolivar (1931) y sus Memorias; en teatro: El vendedor de muñecas. | ||
| 649 | |a XX | ||
| 650 | |a Teatro Mexicano | ||
| 650 | |a Comedia Mexicana | ||
| 650 | |a Literatura Mexicana - |y Siglo XX | ||
| 910 | |a Fondo Salvador Reynoso Reynoso | ||
| 920 | |a Impresos - Libros | ||
| 930 | |a Fondos Especiales | ||
| 940 | |a Literatura | ||
| 905 | |a 112 | ||
| 901 | |a 0800010570 |b IT2 |c ESP |u 20250521 | ||
| 902 | |a https://opac.biblio.iteso.mx/vufind/Record/000128647 | ||